Missing Word: Movies Based Off Science Fiction Novels Quiz Stats

 Plays Quiz Updated Jan 10, 2018

Score 0/16 Timer 04:00
2 Plays Today
Movie Title Missing Word % Correct
Jurassic ____Park
99%
____ of the ApesPlanet
98.5%
____ RunnerBlade
98.2%
The ____ GamesHunger
97.6%
The Hitchhiker's ____ to the GalaxyGuide
97.5%
A Clockwork ____Orange
96.7%
The ____ MachineTime
88.8%
I am ____Legend
82.9%
Movie Title Missing Word % Correct
Battlefield ____Earth
76.2%
I am ____ FourNumber
70.1%
Starship ____Troopers
65.3%
Children of ____Men
63.4%
The Dead ____ Zone
56.3%
_____ of the DamnedVillage
52.5%
Memoirs of an _____ ManInvisible
47.7%
The Thirteenth ____Floor
21.4%

Today's Daily Dose

You're not logged in!

Compare scores with friends on all Sporcle quizzes.
Join for Free
OR
Log In

You Might Also Like...

Show Comments

Extras

Top Quizzes Today


Score Distribution

Your Account Isn't Verified!

In order to create a playlist on Sporcle, you need to verify the email address you used during registration. Go to your Sporcle Settings to finish the process.

Report this User

Report this user for behavior that violates our Community Guidelines.

Details: